|
|
|
|
| LEADER |
00000cam a2200000 7i4500 |
| 001 |
0000012866 |
| 005 |
20080318.0 |
| 008 |
080103 |
| 020 |
|
|
|a 9676113050
|
| 090 |
0 |
0 |
|a 362.8286
|b NOR
|
| 100 |
0 |
|
|a Noraini Ahmad
|
| 245 |
1 |
0 |
|a Kaunseling kekeluargaan :
|b komunikasi berkesan dengan anak
|c Noraini Ahmad
|
| 260 |
|
|
|a Kuala Lumpur :
|b Utusan Publication & Distributors ,
|c 2003
|
| 440 |
|
|
|a Siri motivasi dan kecemerlangan utusan
|
| 650 |
|
0 |
|a Communication in the family
|
| 650 |
|
0 |
|a Family counseling
|
| 650 |
|
0 |
|a Interpersonel relations
|
| 650 |
|
0 |
|a Parent and child
|
| 650 |
|
0 |
|a Parenting
|
| 710 |
1 |
|
|a Title
|
| 999 |
|
|
|a 0000910774
|b Book
|c Adult Collection
|e Cawangan Bandar Tenggara
|
| 999 |
|
|
|a 0001010697
|b Book
|c Adult Collection
|e Perbadanan Perpustakaan Awam Johor
|
| 999 |
|
|
|a 0001010698
|b Book
|c Adult Collection
|e Perbadanan Perpustakaan Awam Johor
|
| 999 |
|
|
|a 0001010699
|b Book
|c Adult Collection
|e Perbadanan Perpustakaan Awam Johor
|